Bookery Cook
Guardat en:
| Autor principal: | |
|---|---|
| Format: | Llibre |
| Publicat: |
Murdoch Books
|
| Etiquetes: |
Afegir etiqueta
Sense etiquetes, Sigues el primer a etiquetar aquest registre!
|
| LEADER | 00722cam a22001937a 4500 | ||
|---|---|---|---|
| 001 | (Sirsi) i9781743361993 | ||
| 005 | 20190330171113.0 | ||
| 008 | 190219n xx ||||||||||||||||| |d | ||
| 020 | |a 9781743361993 | ||
| 040 | |a SMLIBRARY |b eng |c SMLIBRARY |e AACR2 | ||
| 100 | |a Thompson, Jessica | ||
| 245 | 1 | |a Bookery Cook | |
| 260 | |b Murdoch Books | ||
| 901 | |a 641.5 THO |i BK10009485E |m SMLIBRARY |l ADULT |t BOOK |p 114.75 |x ADULT |z ANFIC |u 18/11/2013 | ||
| 903 | |a SMLNEWITEM | ||
| 904 | |a 1 | ||
| 942 | |2 ddc |c BOOK | ||
| 952 | |0 0 |1 0 |2 ddc |4 0 |6 641_500000000000000_THO |7 0 |8 ADULT | ANFIC |9 43647 |a SMLIBRARY |b SMLIBRARY |c ADULT |d 2013-11-18 |g 114.75 |l 0 |o 641.5 THO |p BK10009485E |r 2019-03-30 00:00:00 |t 1 |v 114.75 |w 2019-06-25 |y ADULTBOOK | ||
| 999 | |c 37617 |d 37617 | ||